01387cam a22003378i 4500999001700000005001700017008004100034020004300075035002000118040002300138082002100161245018500182246003600367246001100403250001800414300001400432504005100446650002800497650003100525650003600556651001000592700002900602700003200631700003300663700003100696700002900727942001200756906004500768952011800813952011800931 c64138d6413820240530110716.0150827s2016 pau b 001 0 eng  a9781455748365 (hardcover : alk. paper) a(DNLM)101666927 aDNLM/DLCcDLCerda04221a616.61\bS B00aBrenner & Rector's the kidney /c[edited by] Karl Skorecki, Glenn M. Chertow, Philip A. Marsden, Maarten W. Taal, Alan S.L. Yu ; special assistant to the editors, Walter G. Wasser.1 aBrenner and Rector's the kidney1 aKidney a10th edition. ap. ;ccm. aIncludes bibliographical references and index.12aKidney Diseases.2qrmak22aKidneyxphysiology.2qrmak22aKidneyxphysiopathology.2qrmak 2qrmak1 aSkorecki, Karl,eeditor.1 aChertow, Glenn M.,eeditor.1 aMarsden, Philip A.,eeditor.1 aTaal, Maarten W.,eeditor.1 aYu, Alan S. L.,eeditor. 2ddccBK a0bvipcorignewd1eecipf20gy-gencatlg 00104070aCAIbCAIcTECHNOLOGY-LIBRARYd2018-02-25l0o616.61\ S Bp164278r2018-02-25 00:00:00w2018-02-25yBK 00104070aCAIbCAIcTECHNOLOGY-LIBRARYd2018-02-25l0o616.61\ S Bp164279r2018-02-25 00:00:00w2018-02-25yBK